• 首页
  • 本馆介绍
  • 公告通知
  • 最新文献
  • 馆藏检索
  • 电子资源
  • 读者导购
  • 参考咨询
  • 我的图书馆
  • 登录
  • 详细信息显示
  • 放入我的书架
  • 预约/预借图书
  • 作者相关作品
  • 分类相关作品
  • 丛书相关作品
  • 出版社相关作品

书目信息

  • 表格格式
  • 工作单格式
  • 卡片格式
题名:
蔬菜病虫害原色图谱
    
 
作者: 王洪久 , 曲存英
分册:  
出版信息: 济南   山东科学技术出版社  2002
页数: 214
开本: 20cm
丛书名:
单 册:
中图分类: S436.3
科图分类:
主题词: 植物--病虫害 , 植物--病虫害防治方法
电子资源:
ISBN: 7-5331-1481-7
000 00643nam0 2200217 450
001 0741144344
005 20070817112544.34
010    @a7-5331-1481-7@d¥43.00
100    @a20070817d km y0chiy0120 ea
101 0  @achi
200 1  @a蔬菜病虫害原色图谱@Ashu cai bing chong hai yuan se tu pu@f王洪久,曲存英@Fwang hong jiu,qu cun ying
205    @a2版
210    @a济南@c山东科学技术出版社@d2002
215    @a214@c彩图@d20cm
606 0  @a植物@x病虫害
606 0  @a植物@x病虫害防治方法
690    @aS436.3@v3
701  0 @a王洪久@Awang hong jiu
701  0 @a曲存英@Aqu cun ying
801  0 @aCN@bPFT@c20070817
905    @a213230@dS436.3@en2@f1
    
    蔬菜病虫害原色图谱/王洪久,曲存英.-2版.-济南:山东科学技术出版社,2002
    214:彩图;20cm
    
    
    ISBN 7-5331-1481-7:¥43.00
    
●
相关链接 在E读中查询图书 在五车中查询图书 在当当中查询图书 在豆瓣中查询图书


正题名:蔬菜病虫害原色图谱     索取号:S436.3/n2         预约/预借

序号 登录号 条形码 馆藏地/架位号 状态 备注
1 6601387   266013878   密集书库-生命科学系/ [索取号:S436.3/n2] 在馆    
唐山师范学院图书馆 欢迎您!
大连网信软件有限公司© 版权所有